Vocabulary Development (Record no. 30610)

MARC details
000 -LEADER
fixed length control field 00958nam a2200121Ia 4500
008 - FIXED-LENGTH DATA ELEMENTS--GENERAL INFORMATION
fixed length control field 220620s9999||||xx |||||||||||||| ||und||
100 ## - MAIN ENTRY--PERSONAL NAME
Personal name Rasinski, Timothy||Rupley, William
245 #0 - TITLE STATEMENT
Title Vocabulary Development
546 ## - LANGUAGE NOTE
Language note English[eng]
650 ## - SUBJECT ADDED ENTRY--TOPICAL TERM
Topical term or geographic name entry element high school||vocabulary development||vocabulary activities||methods||middle grades||reading fluency||mixed-effects models||academic vocabulary||early elementary||cognates||vocabulary||concept maps||middle school||teachers||disciplinary literacy||hip-hop pedagogy||elementary classroom teachers||metalinguistic awareness||student learning||vocabulary achievement||reading theories||word features||morphology||teacher discourse moves||academic vocabulary instruction||comprehension||STEM||practitioners||content analysis||vocabulary instruction||elementary||peer effects||quantile regression||confirmatory factor analysis||student responses
856 ## - ELECTRONIC LOCATION AND ACCESS
Uniform Resource Identifier <a href="https://mdpi.com/books/pdfview/book/1252">https://mdpi.com/books/pdfview/book/1252</a>
942 ## - ADDED ENTRY ELEMENTS (KOHA)
Koha item type E-Books
Holdings
Withdrawn status Lost status Damaged status Not for loan Home library Current library Date acquired Total Checkouts Date last seen Price effective from Koha item type
        Kerala University of Digital Sciences, Innovation and Technology Knowledge Centre Kerala University of Digital Sciences, Innovation and Technology Knowledge Centre 20/06/2022   20/06/2022 20/06/2022 E-Books